Tình Yêu Thương Và Lòng Nhân Hậu

Saved in:
Bibliographic Details
Main Author: Nhiều TG
Format: Book
Language:Vietnamese
Published: Hà Nội 2013
Tags: Add Tag
No Tags, Be the first to tag this record!
Institutions: Mạng thư viện Đại học Đà Nẵng
LEADER 00621nam a2200277 4500
001 000026222
003 218
005 20150204120000.0
008 150204s vm 000 vie
020 |c 35000,0000 
040 |a D1 
100 |a Nhiều TG 
245 |a Tình Yêu Thương Và Lòng Nhân Hậu 
260 |b Hà Nội  |c 2013 
300 |a 191tr. ; 
OWN |a LTT 
999 |a From the UDN01 
TYP |a Monograph 
TYP |a Printed language 
980 |a Mạng thư viện Đại học Đà Nẵng